000 02012nam a2200241Ii 4500
008 221202s xx 000 0 und d
100 1 _aDomski, Mary,
_eauthor
245 0 _aNewton's Third Rule and the Experimental Argument for Universal Gravity
264 _bTaylor & Francis
_c2022
300 _a1 online resource (116 pages)
336 _atext
_btxt
_2rdacontent
337 _acomputer
_bc
_2rdamedia
338 _aonline resource
_bcr
_2rdacarrier
490 _aRoutledge Focus on Philosophy
520 _aThis book provides a reading of Newton’s argument for universal gravity that is focused on the evidence-based, experimental reasoning that Newton associates with his program of experimental philosophy. It highlights the richness and complexity of the Principia and also draws important lessons about how to situate Newton in his natural philosophical context. The book has two primary objectives. First, it defends a novel interpretation of the third of Newton’s four Rules for the Study of Natural Philosophy : what the author terms the Two-Set Reading of Rule 3. Second, it argues that this novel interpretation of Rule 3 sheds additional light on the differences between Newton’s experimental philosophy and Descartes’s hypothetical philosophy, and that it also illuminates how the practice of experimental philosophy allowed Newton to make a universal force of gravity the centerpiece of his explanation of the system of the world. Newton’s Third Rule and the Experimental Argument for Universal Gravity will be of interest to researchers and advanced students working on Newton’s natural philosophy, early modern philosophy, and the history of science.
653 _aDescartes
653 _aEarly Modern Experimental Philosophy
653 _aHypothetical Philosophy
653 _aIsaac Newton
653 _aMary Domski
856 _uhttps://library.oapen.org/bitstream/20.500.12657/50201/1/9781000449419.pdfhttps://library.oapen.org/handle/20.500.12657/50201
942 _cE-BOOK
999 _c64398
_d64398